Money and credit

محفوظ في:
التفاصيل البيبلوغرافية
المؤلف الرئيسي: Leffler, Ray V.
التنسيق: كتاب
اللغة:Undetermined
منشور في: New York Harper & Brothers Publishers 1935
الموضوعات:
الوسوم: إضافة وسم
لا توجد وسوم, كن أول من يضع وسما على هذه التسجيلة!
Thư viện lưu trữ: Trung tâm Học liệu Trường Đại học Cần Thơ
LEADER 00487nam a2200181Ia 4500
001 CTU_79276
008 210402s9999 xx 000 0 und d
082 |a 332.4 
082 |b L388 
100 |a Leffler, Ray V. 
245 0 |a Money and credit 
245 0 |c Ray V. Leffler 
260 |a New York 
260 |b Harper & Brothers Publishers 
260 |c 1935 
650 |a Credit,Money 
650 |z United States,United States 
980 |a Trung tâm Học liệu Trường Đại học Cần Thơ